[Event "C.to Italiano Semifinale"]
[Site "Montecatini Terme ITA"]
[Date "1998.06.??"]
[Round "5"]
[White "Wild, Alexander"]
[Black "Piscopo, Pierluigi"]
[Result "0-1"]
[WhiteElo "1714"]
[BlackElo "1798"]
[PlyCount "90"]
[EventDate "1998.06.21"]

1. e4 c5 2. Nf3 Nc6 3. d4 cxd4 4. Nxd4 Nf6 5. Nc3 e5 6. Ndb5 d6 7. Bg5 a6 8.
Na3 b5 9. Nd5 Qa5+ 10. Qd2 Qxd2+ 11. Bxd2 Nxd5 12. exd5 Ne7 13. c4 bxc4 14.
Bxc4 Bb7 15. f4 Nxd5 16. O-O e4 17. Rae1 Nf6 18. Bb3 d5 19. Ba4+ Nd7 20. Rc1
Bd6 21. Bc3 f6 22. Bd4 Ke7 23. Nc2 Nc5 24. b3 Nd3 25. Rcd1 Nxf4 26. Ne3 Ne2+
27. Kh1 Nxd4 28. Rxd4 Ke6 29. Nxd5 Be5 30. Nc7+ Bxc7 31. Rd7 Rac8 32. Rxg7 Rhd8
33. Rxh7 Ba8 34. h4 e3 35. Re1 Be5 36. b4 Bd5 37. Ra7 e2 38. Rxa6+ Kf5 39. Bb5
Bc4 40. g4+ Kf4 41. Bxc4 Rd1 42. Kg2 Rxe1 43. Kf2 Rxc4 44. Kxe1 Ke3 45. Ra3+
Bc3+ 0-1

[Event "C.to Italiano Semifinale"]
[Site "Montecatini Terme ITA"]
[Date "1998.06.??"]
[Round "6"]
[White "Astengo, Marcello"]
[Black "Di Vincenzi, Renato"]
[Result "1-0"]
[WhiteElo "2075"]
[BlackElo "2128"]
[PlyCount "64"]
[EventDate "1998.06.21"]

1. d4 Nf6 2. c4 g6 3. d5 d6 4. Nc3 c5 5. e4 Bg7 6. Be2 O-O 7. g4 e5 8. g5 Ne8
9. h4 f6 10. gxf6 Bxf6 11. Nf3 a6 12. Ng5 Ng7 13. Be3 b5 14. cxb5 axb5 15. Nxb5
Ra5 16. Qd2 Be7 17. Na3 Ba6 18. Nc4 Bxc4 19. Bxc4 Nd7 20. Ne6 Nxe6 21. dxe6 Nf6
22. f3 Ra4 23. b3 Rxc4 24. bxc4 Nh5 25. Bg5 Nf4 26. O-O-O Bxg5 27. hxg5 Qa8 28.
e7 Rb8 29. Rh2 Rb4 30. Qc3 Qe8 31. Rxd6 Qxe7 32. Ra6 Qxg5 1-0

[Event "C.to Italiano Semifinale"]
[Site "Montecatini Terme ITA"]
[Date "1998.06.??"]
[Round "6"]
[White "Bini, Lorenzo"]
[Black "Castaldo, Folco"]
[Result "0-1"]
[WhiteElo "2125"]
[BlackElo "2155"]
[PlyCount "76"]
[EventDate "1998.06.21"]

1. d3 e5 2. b3 d5 3. Bb2 Nc6 4. e3 Nf6 5. h3 Bd6 6. Nd2 Bf5 7. Ne2 Qd7 8. a3
O-O-O 9. b4 h5 10. Nb3 h4 11. Qd2 Qe7 12. O-O-O a6 13. Kb1 g5 14. f3 Bg6 15.
Ka1 Rhe8 16. Qc1 Kb8 17. c4 dxc4 18. dxc4 Bxb4 19. Ned4 exd4 20. exd4 Bd6 21.
Bd3 Bf4 22. Qb1 Bxd3 23. Rxd3 Nd7 24. d5 Nce5 25. Rc3 Nc5 26. Nd4 Qd7 27. Bc1
Bxc1 28. Rhxc1 Ka8 29. Qa2 Ned3 30. Rb1 Nf4 31. a4 Re5 32. a5 Rde8 33. Qb2 Re1
34. Rxe1 Rxe1+ 35. Ka2 Na4 36. Qd2 Nxc3+ 37. Qxc3 Qa4+ 38. Kb2 Qa1+ 0-1

[Event "C.to Italiano Semifinale"]
[Site "Montecatini Terme ITA"]
[Date "1998.06.??"]
[Round "6"]
[White "Contin, Daniel"]
[Black "Fabiano, Giuseppe"]
[Result "0-1"]
[WhiteElo "2300"]
[BlackElo "2230"]
[PlyCount "108"]
[EventDate "1998.06.21"]

1. c4 Nf6 2. Nf3 g6 3. b3 Bg7 4. Bb2 O-O 5. g3 d6 6. Bg2 e5 7. O-O Re8 8. d3
Nbd7 9. Nc3 c6 10. e4 a5 11. Ne1 Nc5 12. Nc2 Bd7 13. Qd2 Ne6 14. Rae1 Nh5 15.
Ne2 Ng5 16. Bc1 f6 17. Qd1 Qc8 18. f3 Bf8 19. Nc3 Be7 20. Be3 Qc7 21. f4 Nf7
22. f5 Ng7 23. g4 g5 24. Qd2 Rec8 25. Re2 Qd8 26. Bf3 Ne8 27. h4 gxh4 28. Rh2
Ng5 29. Rxh4 Bf8 30. Qh2 Qe7 31. Bg2 Qg7 32. Kf2 Nc7 33. Rh1 h6 34. d4 Be8 35.
Rd1 b5 36. c5 exd4 37. Nxd4 dxc5 38. Nde2 Rd8 39. Qh1 Na6 40. Nf4 Nb4 41. Rxd8
Rxd8 42. Ne6 Nxe6 43. Bxh6 Qc7 44. fxe6 Nd3+ 45. Ke2 Qg3 46. Be3 Bg7 47. Nd1
Nc1+ 48. Bxc1 Qd3+ 49. Kf2 Qc2+ 50. Kg3 Rxd1 51. Bf4 Rxh1 52. Rxh1 Qxa2 53. e7
Qxb3+ 54. Bf3 Qe6 0-1

[Event "C.to Italiano Semifinale"]
[Site "Montecatini Terme ITA"]
[Date "1998.06.??"]
[Round "6"]
[White "Corvi, Marco"]
[Black "Aldrovandi, Costantino"]
[Result "1-0"]
[WhiteElo "2320"]
[BlackElo "2235"]
[PlyCount "199"]
[EventDate "1998.06.21"]

1. c4 Nf6 2. Nc3 g6 3. g3 Bg7 4. Bg2 O-O 5. Nf3 d6 6. O-O c5 7. d4 Nc6 8. d5
Na5 9. Qd3 a6 10. Nd2 Ng4 11. b3 b5 12. cxb5 axb5 13. Bb2 c4 14. bxc4 Ne5 15.
Qc2 Nexc4 16. Nd1 Nxb2 17. Nxb2 Bf5 18. e4 Rc8 19. Qd1 Bd7 20. Rb1 Qb6 21. Nd3
Rc3 22. Nb4 Rfc8 23. a4 Qa7 24. Nc6 Nxc6 25. dxc6 R3xc6 26. axb5 Rb6 27. Qe2
Qb8 28. Rfc1 Rxc1+ 29. Rxc1 Rxb5 30. Nf1 Bd4 31. h3 Rb2 32. Rc2 Rxc2 33. Qxc2
Qb6 34. h4 Bg4 35. Nh2 Bd7 36. Nf3 Bf6 37. Kh2 Qc6 38. Qe2 Qb5 39. Qe3 Be6 40.
Nd4 Bxd4 41. Qxd4 Qc5 42. Qd2 Kg7 43. Qb2+ f6 44. Qd2 Bd7 45. Qb2 Bc6 46. Qd2
Be8 47. Qb2 Bc6 48. Qd2 Be8 49. Qb2 Qc7 50. Qd2 Bf7 51. Qb2 Qa7 52. Qd2 Qc5 53.
Qb2 e6 54. Bf3 d5 55. exd5 exd5 56. Kg2 Qd6 57. Qd4 Qe5 58. Qa7 h6 59. Qd7 Qe6
60. Qa7 Qd6 61. Qd4 g5 62. hxg5 hxg5 63. Qa7 Kf8 64. Qa8+ Ke7 65. Qa7+ Kf8 66.
Qa8+ Ke7 67. Qa7+ Kf8 68. Qa8+ Kg7 69. Qa7 Qe6 70. Bh5 f5 71. Bxf7 Qxf7 72.
Qd4+ Kg6 73. Kg1 Qe6 74. Qa1 Qe4 75. Qh8 Qe1+ 76. Kg2 Qe4+ 77. Kh2 d4 78. Qg8+
Kf6 79. Qf8+ Ke6 80. Qg8+ Kf6 81. Qf8+ Ke6 82. Qg8+ Kd6 83. Qxg5 Kc5 84. Qc1+
Kb4 85. Qd2+ Kb3 86. Qd1+ Kc3 87. Qa1+ Kd2 88. f3 Qe2+ 89. Kh3 d3 90. Qa5+ Ke3
91. Qc5+ Kd2 92. Qb4+ Kc2 93. Qa4+ Kb2 94. Qb4+ Kc1 95. Qa3+ Kd1 96. Qa1+ Kd2
97. Qa5+ Ke3 98. Qc5+ Kxf3 99. Qxf5+ Ke3 100. Qf4# 1-0

[Event "C.to Italiano Semifinale"]
[Site "Montecatini Terme ITA"]
[Date "1998.06.??"]
[Round "6"]
[White "Del Monaco, Andrea"]
[Black "Tribuiani, Renato"]
[Result "1-0"]
[WhiteElo "1793"]
[BlackElo "2115"]
[PlyCount "75"]
[EventDate "1998.06.21"]

1. e4 Nc6 2. d4 d5 3. Nc3 e6 4. e5 b6 5. Nf3 h6 6. Be2 Na5 7. a3 Ne7 8. O-O Nf5
9. g4 Nh4 10. Nxh4 Qxh4 11. Bf4 Nc4 12. Bg3 Qd8 13. Qc1 g6 14. b3 Na5 15. Qe3
Bd7 16. f4 c5 17. Nb5 cxd4 18. Nxd4 Bc5 19. b4 Bxd4 20. Qxd4 Nc6 21. Qd2 Ne7
22. Bd3 Qc7 23. Rac1 Rc8 24. c4 dxc4 25. Rxc4 Qb7 26. Rxc8+ Qxc8 27. Bh4 Nd5
28. Rc1 Qb7 29. Be4 O-O 30. f5 Kh7 31. Bxd5 exd5 32. e6 fxe6 33. fxg6+ Kxg6 34.
Qd3+ Kg7 35. Bg3 Rc8 36. Be5+ Kf8 37. Rf1+ Ke8 38. Qg6+ 1-0

[Event "C.to Italiano Semifinale"]
[Site "Montecatini Terme ITA"]
[Date "1998.06.??"]
[Round "6"]
[White "Isonzo, David"]
[Black "Cacco, Christian"]
[Result "1/2-1/2"]
[WhiteElo "2235"]
[BlackElo "2180"]
[PlyCount "31"]
[EventDate "1998.06.21"]

1. Nf3 d5 2. d4 c6 3. c4 Nf6 4. e3 Bg4 5. cxd5 Bxf3 6. gxf3 cxd5 7. Qb3 Qd7 8.
Nc3 Nc6 9. Bd2 e6 10. Rc1 Bd6 11. f4 O-O 12. Bd3 Rac8 13. Qd1 a6 14. a3 b5 15.
b4 Na7 16. Qb3 1/2-1/2

[Event "C.to Italiano Semifinale"]
[Site "Montecatini Terme ITA"]
[Date "1998.06.??"]
[Round "6"]
[White "Mariano, Elia"]
[Black "Martorelli, Antonio"]
[Result "1-0"]
[WhiteElo "2205"]
[BlackElo "2405"]
[PlyCount "105"]
[EventDate "1998.06.21"]

1. d4 Nf6 2. c4 g6 3. Nc3 Bg7 4. e4 d6 5. Bd3 c5 6. d5 e6 7. Nge2 O-O 8. O-O
exd5 9. exd5 Ng4 10. f4 Re8 11. Rf3 Qh4 12. h3 Bd4+ 13. Nxd4 Re1+ 14. Qxe1
Qxe1+ 15. Rf1 Qg3 16. Nf3 Nh2 17. Ne4 Nxf3+ 18. Rxf3 Qe1+ 19. Rf1 Qh4 20. f5 h6
21. Rf4 Qe7 22. fxg6 fxg6 23. Nf6+ Kg7 24. Bd2 Nd7 25. Nxd7 Bxd7 26. Re1 Qg5
27. h4 Qg3 28. Rf3 Qxh4 29. Bc3+ Kg8 30. Bxg6 Qg5 31. Bf7+ Kh7 32. Be6 Be8 33.
Bf5+ Bg6 34. Bxg6+ Qxg6 35. Re7+ Kg8 36. Rf6 Qb1+ 37. Kh2 Rf8 38. Rg7+ Kxg7 39.
Rf1+ Kg6 40. Rxb1 Rf4 41. b3 Rf2 42. Rb2 Rf1 43. Re2 Kf5 44. Bg7 h5 45. Bf8 b5
46. Bxd6 bxc4 47. bxc4 Rc1 48. Bxc5 Rxc4 49. Bxa7 Rc7 50. Bd4 Rc4 51. Bf2 Kf6
52. d6 Rc6 53. Rd2 1-0

[Event "C.to Italiano Semifinale"]
[Site "Montecatini Terme ITA"]
[Date "1998.06.??"]
[Round "6"]
[White "Marzano, Carlo"]
[Black "Mariotti, Sergio"]
[Result "0-1"]
[WhiteElo "2185"]
[BlackElo "2380"]
[PlyCount "114"]
[EventDate "1998.06.21"]

1. d4 Nf6 2. Nf3 d6 3. Nc3 Nbd7 4. e4 e5 5. Be2 c6 6. O-O Be7 7. Re1 O-O 8. a4
a5 9. Bf1 Re8 10. h3 Qc7 11. Be3 Bf8 12. Nd2 Nb6 13. f4 exf4 14. Bxf4 Be6 15.
Kh1 Qd8 16. Bd3 d5 17. e5 Nfd7 18. Nf3 Be7 19. Qe2 Nf8 20. Rf1 Nbd7 21. Rad1 f6
22. Rde1 Bf7 23. Qf2 Bg6 24. Bxg6 Nxg6 25. Bg3 fxe5 26. dxe5 Bc5 27. Qd2 Ndf8
28. Qd3 Ne6 29. h4 Rf8 30. Ne2 Qe7 31. Qd2 Rf5 32. Neg1 Raf8 33. Qd1 Qe8 34.
Nh3 h6 35. Qd3 Ne7 36. Qd1 Qg6 37. Kh2 Qg4 38. b3 R5f7 39. Qd3 Nf5 40. Bf2 Bxf2
41. Rxf2 Qg3+ 42. Kg1 Nxh4 43. Nxh4 Qxh4 44. Ref1 Qd4 45. Qg3 Rxf2 46. Rxf2
Rxf2 47. Nxf2 Nf4 48. Qg4 Qxe5 49. Qc8+ Kh7 50. Ng4 Qe1+ 51. Kh2 Qh4+ 52. Kg1
Ne2+ 53. Kf1 Ng3+ 54. Kg1 Qh1+ 55. Kf2 Ne4+ 56. Ke3 Qe1+ 57. Kd4 Qc3# 0-1

[Event "C.to Italiano Semifinale"]
[Site "Montecatini Terme ITA"]
[Date "1998.06.??"]
[Round "6"]
[White "Mauro, Alan"]
[Black "Parrella, Alfredo"]
[Result "1-0"]
[WhiteElo "2260"]
[BlackElo "2185"]
[PlyCount "63"]
[EventDate "1998.06.21"]

1. e4 e6 2. d4 d5 3. Nc3 dxe4 4. Nxe4 Bd7 5. c4 Bc6 6. Nc3 Nf6 7. Nf3 Bxf3 8.
Qxf3 c6 9. Be3 Qa5 10. Be2 Bd6 11. O-O Nbd7 12. a3 O-O 13. c5 Be7 14. Qg3 Rfe8
15. b4 Qd8 16. Bf4 Rc8 17. Rfe1 Bf8 18. Bf3 Nd5 19. Nxd5 cxd5 20. Bd1 b5 21.
Be2 a6 22. a4 bxa4 23. Rxa4 Nb8 24. Bxa6 Nxa6 25. Rxa6 Ra8 26. Qa3 Rxa6 27.
Qxa6 Qa8 28. Ra1 Qxa6 29. Rxa6 e5 30. dxe5 Rb8 31. Rb6 Rd8 32. Kf1 1-0

[Event "C.to Italiano Semifinale"]
[Site "Montecatini Terme ITA"]
[Date "1998.06.??"]
[Round "6"]
[White "Minerva, Enzo"]
[Black "Sansonetti, Giorgio"]
[Result "0-1"]
[WhiteElo "2155"]
[BlackElo "2195"]
[PlyCount "76"]
[EventDate "1998.06.21"]

1. e4 e6 2. d3 d5 3. Nd2 c5 4. Ngf3 Nc6 5. g3 Bd6 6. Bg2 Nge7 7. O-O O-O 8. Re1
f6 9. c3 Bd7 10. h4 Be8 11. Bh3 Bf7 12. Nb3 e5 13. Nh2 b5 14. Qg4 c4 15. exd5
f5 16. Qe2 Bxd5 17. dxc4 Bxc4 18. Qh5 Bf7 19. Qe2 f4 20. Nf3 fxg3 21. fxg3 Bc4
22. Qe3 h6 23. Nbd2 Bd5 24. Ne4 Bc7 25. Qd3 Bb6+ 26. Kh2 Qe8 27. Nd6 Qg6 28.
Qxg6 Nxg6 29. Bf5 Nge7 30. Nxe5 Nxf5 31. Nd7 Nxd6 32. Nxf8 Rxf8 33. Bf4 Ne4 34.
Rad1 Nf6 35. Be5 Nxe5 36. Rxe5 Bf3 37. Rf1 Ng4+ 38. Kh3 Nxe5 0-1

[Event "C.to Italiano Semifinale"]
[Site "Montecatini Terme ITA"]
[Date "1998.06.??"]
[Round "6"]
[White "Nironi, Andrea"]
[Black "Clementini, Lorenzo"]
[Result "1-0"]
[WhiteElo "1681"]
[BlackElo "1760"]
[PlyCount "80"]
[EventDate "1998.06.21"]

1. d4 d5 2. c4 c6 3. Nf3 e6 4. e3 Nf6 5. Nc3 Be7 6. Qc2 Nbd7 7. Be2 dxc4 8. a4
c5 9. Bxc4 cxd4 10. Nxd4 Nb6 11. Ba2 Bd7 12. Bd2 Rc8 13. Bb1 Nc4 14. O-O e5 15.
Nb3 Bb4 16. f4 Qe7 17. e4 Bc6 18. fxe5 Ng4 19. Qd3 Ncxe5 20. Qe2 Rd8 21. h3 Nf6
22. Ba2 h6 23. Rf5 Bd7 24. Rf2 O-O 25. Raf1 Bd6 26. Rxf6 gxf6 27. Nd5 Bc5+ 28.
Kh1 Qd6 29. Rxf6 Be6 30. Bxh6 Ng6 31. Bxf8 Rxf8 32. Nd2 Qg3 33. Rf3 Qg5 34.
Nf6+ Kg7 35. Bxe6 fxe6 36. e5 Nf4 37. Rxf4 Qxf4 38. Nh5+ Kh6 39. Nxf4 Rxf4 40.
Qe1 Bf2 1-0

[Event "C.to Italiano Semifinale"]
[Site "Montecatini Terme ITA"]
[Date "1998.06.??"]
[Round "6"]
[White "Pecorari, Marcello"]
[Black "Wild, Alexander"]
[Result "0-1"]
[WhiteElo "1713"]
[BlackElo "1714"]
[PlyCount "210"]
[EventDate "1998.06.21"]

1. e4 c5 2. d4 cxd4 3. c3 dxc3 4. Nxc3 Nc6 5. Nf3 d6 6. Bc4 e6 7. O-O Be7 8.
Qe2 Bd7 9. Rd1 a6 10. Bf4 Qc7 11. Rac1 Nf6 12. e5 dxe5 13. Nxe5 Nxe5 14. Bxe5
Qa5 15. Bxf6 gxf6 16. Ne4 Qe5 17. Ng3 Qxe2 18. Bxe2 Bc6 19. Rc3 Rg8 20. Bf3
Bxf3 21. Rxf3 f5 22. Rc3 Rd8 23. Rxd8+ Bxd8 24. Kf1 Rg4 25. a3 Rd4 26. Ke2 b5
27. Nf1 b4 28. axb4 Rxb4 29. b3 h5 30. Nd2 Rg4 31. g3 Rb4 32. f4 a5 33. Rc8 a4
34. bxa4 Rxa4 35. Nf3 Ra2+ 36. Kd3 Kd7 37. Rc4 Bf6 38. Rb4 Ra3+ 39. Ke2 Rc3 40.
Rb7+ Rc7 41. Rb8 Kd6 42. Rf8 Ke7 43. Ra8 Rc4 44. Ra7+ Kf8 45. h4 Rb4 46. Kf1
Rb2 47. Rd7 Rb8 48. Kg2 Rd8 49. Ra7 Re8 50. Rb7 Re7 51. Rb5 Bc3 52. Rc5 Bb4 53.
Rb5 Bd6 54. Rb6 Rd7 55. Ra6 Ke7 56. Ra8 Rd8 57. Ra7+ Kf8 58. Ng5 Be7 59. Nf3 f6
60. Ra6 Kf7 61. Ra7 Rd5 62. Rb7 Ke8 63. Rb8+ Bd8 64. Rb7 Rd7 65. Rb5 Ke7 66.
Rb3 Bc7 67. Rb7 Bd6 68. Rb5 Rc7 69. Ra5 Kd7 70. Ra8 Rc8 71. Ra7+ Rc7 72. Ra8
Rc2+ 73. Kh3 Bc5 74. Rb8 Rc3 75. Kg2 Rc2+ 76. Kh3 Rf2 77. Rb3 Kd6 78. Rd3+ Kc6
79. Rc3 Kd5 80. Ne1 Bb4 81. Re3 Bxe1 82. Rxe1 e5 83. fxe5 fxe5 84. Ra1 e4 85.
Ra5+ Kd4 86. Ra4+ Ke3 87. Ra3+ Ke2 88. Ra2+ Kf3 89. Ra5 Ke3 90. Ra3+ Kd4 91.
Ra4+ Kc3 92. Ra3+ Kb2 93. Re3 Rd2 94. Re1 Kc2 95. Re3 Rd3 96. Re2+ Kd1 97. Ra2
e3 98. Ra1+ Ke2 99. Kg2 Rd2 100. Rf1 Kd3+ 101. Kf3 Kd4 102. g4 fxg4+ 103. Kg3
e2 104. Re1 Ke3 105. Kg2 Rd1 0-1

[Event "C.to Italiano Semifinale"]
[Site "Montecatini Terme ITA"]
[Date "1998.06.??"]
[Round "6"]
[White "Scavo, Fernando"]
[Black "Genocchio, Daniele"]
[Result "1-0"]
[WhiteElo "2255"]
[BlackElo "2155"]
[PlyCount "75"]
[EventDate "1998.06.21"]

1. e4 c5 2. c3 e5 3. Nf3 Nc6 4. Bc4 Qc7 5. O-O Nf6 6. Qe2 Be7 7. d4 d6 8. dxc5
dxc5 9. Nbd2 O-O 10. Re1 Na5 11. Bd3 a6 12. Nf1 c4 13. Bc2 b5 14. Ne3 Be6 15.
Nf5 Bxf5 16. exf5 Bd6 17. Bg5 Nd7 18. f6 g6 19. Qe4 Rfe8 20. Qh4 Bf8 21. Rad1
Nb7 22. Be4 Rab8 23. Bd5 Nd6 24. g4 e4 25. Nd4 Ne5 26. Re3 Qd7 27. Rg3 Rb6 28.
Kh1 Nc8 29. Bxe4 Nd6 30. Bg2 Nd3 31. Rf1 Ne4 32. Bxe4 Rxe4 33. f3 Rxd4 34. Rh3
h5 35. cxd4 Qe6 36. gxh5 Qe2 37. Kg1 Ne1 38. Rxe1 1-0

[Event "C.to Italiano Semifinale"]
[Site "Montecatini Terme ITA"]
[Date "1998.06.??"]
[Round "6"]
[White "Tonon, Alessandro"]
[Black "Piscopo, Pierluigi"]
[Result "1/2-1/2"]
[WhiteElo "2175"]
[BlackElo "1798"]
[PlyCount "30"]
[EventDate "1998.06.21"]

1. d4 Nf6 2. c4 g6 3. Nc3 Bg7 4. e4 d6 5. Be2 O-O 6. Bg5 Nbd7 7. Qd2 e5 8. d5
a5 9. b3 Nc5 10. f3 h6 11. Bh4 g5 12. Bf2 Nh5 13. h4 Nf4 14. g3 Nxe2 15. Qxe2
f5 1/2-1/2

[Event "C.to Italiano Semifinale"]
[Site "Montecatini Terme ITA"]
[Date "1998.06.??"]
[Round "6"]
[White "Vezzosi, Paolo"]
[Black "Iotti, Pierluigi"]
[Result "1-0"]
[WhiteElo "2275"]
[BlackElo "2325"]
[PlyCount "79"]
[EventDate "1998.06.21"]

1. c4 b6 2. Nc3 c5 3. Nf3 Bb7 4. e4 d6 5. d4 cxd4 6. Qxd4 Nf6 7. Bg5 Nbd7 8.
Be2 a6 9. O-O e6 10. Rfe1 Be7 11. Bf1 O-O 12. Rad1 Qc7 13. Bh4 Rfd8 14. Bg3 Ne8
15. Qd2 Rac8 16. Nd4 Ne5 17. Rc1 Bf6 18. Na4 Nd7 19. b4 Qb8 20. f3 h6 21. Bf2
Bg5 22. f4 Be7 23. Bd3 Nef6 24. h3 Bf8 25. f5 Re8 26. fxe6 fxe6 27. Nf3 d5 28.
exd5 exd5 29. Rxe8 Rxe8 30. Nxb6 Nxb6 31. Bxb6 dxc4 32. Bxc4+ Kh8 33. Nh4 Bd6
34. Bd4 Be4 35. Bxf6 Bf4 36. Bxg7+ Kxg7 37. Qd7+ Kh8 38. Re1 Rd8 39. Qe6 Bh7
40. Qf6# 1-0

[Event "C.to Italiano Semifinale"]
[Site "Montecatini Terme ITA"]
[Date "1998.06.??"]
[Round "7"]
[White "Aldrovandi, Costantino"]
[Black "Del Monaco, Andrea"]
[Result "1-0"]
[WhiteElo "2235"]
[BlackElo "1793"]
[PlyCount "51"]
[EventDate "1998.06.21"]

1. e4 c5 2. c3 Nf6 3. e5 Nd5 4. d4 cxd4 5. Nf3 e6 6. cxd4 b6 7. Nc3 Nxc3 8.
bxc3 Qc7 9. Bd2 Bb7 10. Bd3 d6 11. O-O Nd7 12. Ng5 dxe5 13. Qh5 g6 14. Qh3 Be7
15. Rae1 Rf8 16. Be4 O-O-O 17. dxe5 Nc5 18. Bxb7+ Qxb7 19. Nf3 Nd3 20. Re2 Rd5
21. Qxh7 Qc7 22. Bh6 Qc4 23. Bxf8 Nf4 24. Re3 Ne2+ 25. Rxe2 Qxe2 26. Nd4 1-0

[Event "C.to Italiano Semifinale"]
[Site "Montecatini Terme ITA"]
[Date "1998.06.??"]
[Round "7"]
[White "Cacco, Christian"]
[Black "Astengo, Marcello"]
[Result "1-0"]
[WhiteElo "2180"]
[BlackElo "2075"]
[PlyCount "51"]
[EventDate "1998.06.21"]

1. d4 d5 2. Nf3 c5 3. c3 Nc6 4. dxc5 e6 5. b4 a5 6. b5 Na7 7. a4 Bxc5 8. Bb2
Nf6 9. Nbd2 O-O 10. e3 Ne4 11. Bd3 f5 12. O-O Rf6 13. c4 Rh6 14. cxd5 exd5 15.
Qc2 Bd6 16. Rfd1 Be6 17. Be5 Bxe5 18. Nxe5 Rc8 19. Qb2 Rxh2 20. Nef3 Rh6 21.
Nxe4 fxe4 22. Bxe4 Rc5 23. Qe5 Nc8 24. Ng5 Qe7 25. Nxe6 dxe4 26. Qxc5 1-0

[Event "C.to Italiano Semifinale"]
[Site "Montecatini Terme ITA"]
[Date "1998.06.??"]
[Round "7"]
[White "Castaldo, Folco"]
[Black "Marzano, Carlo"]
[Result "1-0"]
[WhiteElo "2155"]
[BlackElo "2185"]
[PlyCount "81"]
[EventDate "1998.06.21"]

1. e4 g6 2. d4 Bg7 3. Nc3 c6 4. Nf3 d5 5. h3 Nh6 6. Be2 O-O 7. O-O f6 8. Re1
Nf7 9. Bf1 e6 10. a4 a5 11. b3 b6 12. Ba3 Re8 13. exd5 exd5 14. Rxe8+ Qxe8 15.
Bd3 Na6 16. Na2 Nc7 17. c4 Ba6 18. Qc2 Qd7 19. Re1 Re8 20. Rxe8+ Qxe8 21. Nc3
Qd7 22. Ne2 Nd8 23. Nf4 Nde6 24. Nxe6 Nxe6 25. cxd5 Nc7 26. dxc6 Qf7 27. Bxa6
Nxa6 28. Bd6 Nc7 29. Qc4 Ne8 30. Bb8 Bf8 31. Ba7 Qxc4 32. bxc4 Nd6 33. Bxb6
Nxc4 34. Bxa5 Kf7 35. Nd2 Nd6 36. d5 Nc8 37. Nc4 Bc5 38. Bd8 f5 39. a5 Ke8 40.
Bb6 Bb4 41. a6 1-0

[Event "C.to Italiano Semifinale"]
[Site "Montecatini Terme ITA"]
[Date "1998.06.??"]
[Round "7"]
[White "Clementini, Lorenzo"]
[Black "Pecorari, Marcello"]
[Result "1-0"]
[WhiteElo "1760"]
[BlackElo "1713"]
[PlyCount "59"]
[EventDate "1998.06.21"]

1. d4 Nf6 2. c4 c5 3. Nf3 cxd4 4. Nxd4 d6 5. Nc3 g6 6. e4 Bg7 7. Be2 O-O 8. O-O
Bd7 9. Be3 Nc6 10. Rb1 Nxd4 11. Bxd4 Bc6 12. f3 Qd7 13. Qd2 b6 14. b4 Rad8 15.
Rfd1 e5 16. Be3 Nh5 17. Rbc1 Nf4 18. Bxf4 exf4 19. Qxf4 f5 20. Qd2 Bxc3 21.
Rxc3 fxe4 22. fxe4 Bxe4 23. Re3 Qb7 24. Bg4 h5 25. Be6+ Kh7 26. Rde1 Bc6 27. b5
Be8 28. Bd5 Qg7 29. Re7 Bf7 30. Rf1 1-0

[Event "C.to Italiano Semifinale"]
[Site "Montecatini Terme ITA"]
[Date "1998.06.??"]
[Round "7"]
[White "Di Vincenzi, Renato"]
[Black "Bini, Lorenzo"]
[Result "1/2-1/2"]
[WhiteElo "2128"]
[BlackElo "2125"]
[PlyCount "158"]
[EventDate "1998.06.21"]

1. Nf3 d6 2. d4 Nf6 3. c4 b6 4. Nc3 Bb7 5. Qc2 Nbd7 6. e4 e6 7. Be2 h6 8. h3 a6
9. Be3 Be7 10. O-O O-O 11. Nd2 c5 12. f4 cxd4 13. Bxd4 Qc7 14. Be3 Rfd8 15.
Rac1 Rac8 16. Qb1 Qb8 17. Bf3 Ne8 18. Ne2 e5 19. Ng3 exf4 20. Bxf4 g5 21. Nf5
Bf8 22. Be3 Nc7 23. h4 Ne6 24. hxg5 hxg5 25. Qd3 Ne5 26. Qe2 Bc6 27. b3 b5 28.
Rb1 Qb7 29. Nd4 Nxd4 30. Bxd4 Bg7 31. Be3 Qe7 32. Bg4 Nxg4 33. Qxg4 f6 34. Rbe1
Bd7 35. Qg3 Be6 36. Rc1 bxc4 37. bxc4 Rc6 38. Rc2 Rdc8 39. Rfc1 Kf7 40. Qf2 Kg8
41. Bd4 Qf7 42. Qe2 f5 43. Bxg7 Qxg7 44. exf5 Bxf5 45. Rc3 Qd4+ 46. Qe3 Qxe3+
47. Rxe3 g4 48. Rf1 Rf8 49. Rf4 Bc8 50. Rd4 Bf5 51. Kh2 Kg7 52. Kg3 Kg6 53. Re7
Kf6 54. Re2 Kg6 55. Nb3 Rf7 56. Red2 d5 57. c5 Re6 58. Rf4 Re3+ 59. Kf2 Rc3 60.
g3 Be4 61. Rxf7 Kxf7 62. Nd4 Rxc5 63. Ke3 Rc3+ 64. Kf4 Kf6 65. Rb2 Bf3 66. Rb6+
Kf7 67. Rxa6 Rd3 68. Nf5 Rd1 69. a4 d4 70. Rd6 d3 71. Ke3 Be2 72. a5 Ra1 73. a6
Ra2 74. Nd4 Bf1 75. Rd5 Rxa6 76. Rg5 Rg6 77. Ra5 Rf6 78. Ra7+ Kg6 79. Ra2 Rf7
1/2-1/2

[Event "C.to Italiano Semifinale"]
[Site "Montecatini Terme ITA"]
[Date "1998.06.??"]
[Round "7"]
[White "Fabiano, Giuseppe"]
[Black "Vezzosi, Paolo"]
[Result "1/2-1/2"]
[WhiteElo "2230"]
[BlackElo "2275"]
[PlyCount "39"]
[EventDate "1998.06.21"]

1. Nf3 Nf6 2. c4 e6 3. Nc3 d5 4. d4 Nbd7 5. Bg5 Be7 6. e3 O-O 7. Rc1 a6 8. cxd5
exd5 9. Bd3 Re8 10. O-O c6 11. Bb1 Nf8 12. Ne5 N6d7 13. Bf4 Nxe5 14. Bxe5 Bd6
15. Bxd6 Qxd6 16. Re1 Be6 17. a3 Rad8 18. b4 Bc8 19. Ba2 Bf5 20. Qf3 1/2-1/2

[Event "C.to Italiano Semifinale"]
[Site "Montecatini Terme ITA"]
[Date "1998.06.??"]
[Round "7"]
[White "Genocchio, Daniele"]
[Black "Tonon, Alessandro"]
[Result "1-0"]
[WhiteElo "2155"]
[BlackElo "2175"]
[PlyCount "105"]
[EventDate "1998.06.21"]

1. e4 e5 2. Nf3 Nc6 3. d4 exd4 4. Nxd4 Nf6 5. Nxc6 bxc6 6. e5 Qe7 7. Qe2 Nd5 8.
c4 Ba6 9. b3 Qh4 10. Bb2 Bb4+ 11. Kd1 Nf4 12. Qf3 Ne6 13. g3 Qd8 14. a3 Be7 15.
Nd2 Rb8 16. Kc2 O-O 17. Ne4 d5 18. cxd5 Bxf1 19. dxe6 fxe6 20. Nf6+ gxf6 21.
Rhxf1 Qd5 22. Qg4+ Kh8 23. Qc4 fxe5 24. Rad1 Qxc4+ 25. bxc4 Bd6 26. f4 Kg8 27.
fxe5 Rxf1 28. Rxf1 Be7 29. Rf2 Rd8 30. a4 Bg5 31. Bc3 Be3 32. Rf6 Re8 33. h4 a6
34. Kd3 Bc5 35. Ke4 Ba3 36. Bd4 Bc1 37. Be3 Ba3 38. g4 c5 39. Bh6 Bb2 40. h5
Bc3 41. Bc1 Be1 42. Be3 Bb4 43. g5 Re7 44. g6 hxg6 45. hxg6 Kg7 46. Kf3 Bc3 47.
Bf4 Re8 48. Kg4 Rd8 49. Kg5 Rd4 50. Rf7+ Kg8 51. Kh5 Rd1 52. Rxc7 Rf1 53. Rc8+
1-0

[Event "C.to Italiano Semifinale"]
[Site "Montecatini Terme ITA"]
[Date "1998.06.??"]
[Round "7"]
[White "Iotti, Pierluigi"]
[Black "Corvi, Marco"]
[Result "1/2-1/2"]
[WhiteElo "2325"]
[BlackElo "2320"]
[PlyCount "82"]
[EventDate "1998.06.21"]

1. d4 f5 2. Nc3 Nf6 3. Bg5 e6 4. e4 fxe4 5. Nxe4 Be7 6. Bxf6 Bxf6 7. Nf3 b6 8.
Bd3 Bb7 9. c3 Nc6 10. Qc2 Qe7 11. O-O-O O-O-O 12. Kb1 h6 13. Rhe1 Qf7 14. Qe2
Rhe8 15. Qc2 Rf8 16. Ned2 g5 17. h3 Rg8 18. Nf1 h5 19. Ne3 Rdf8 20. Nh2 Be7 21.
f3 Kb8 22. Nhf1 Bd6 23. Be4 Ne7 24. Bxb7 Kxb7 25. a4 Qg6 26. Qxg6 Rxg6 27. Kc2
a5 28. Kd3 Rg7 29. Nd2 Bg3 30. Rh1 Bf4 31. Ndf1 Ng6 32. Kc2 c5 33. Ra1 Rgg8 34.
Kd3 Bc7 35. Kd2 Bf4 36. Kd3 Ra8 37. Nc2 Ne7 38. Nfe3 Nd5 39. Rae1 Bg3 40. Ra1
Raf8 41. Raf1 Rf7 1/2-1/2

[Event "C.to Italiano Semifinale"]
[Site "Montecatini Terme ITA"]
[Date "1998.06.??"]
[Round "7"]
[White "Mariotti, Sergio"]
[Black "Mariano, Elia"]
[Result "1-0"]
[WhiteElo "2380"]
[BlackElo "2205"]
[PlyCount "51"]
[EventDate "1998.06.21"]

1. Nf3 Nf6 2. c4 c5 3. Nc3 Nc6 4. g3 g6 5. Bg2 Bg7 6. d4 cxd4 7. Nxd4 Nxd4 8.
Qxd4 O-O 9. O-O d6 10. Qd3 Rb8 11. Bd2 Bd7 12. Rfd1 Bc6 13. e4 a6 14. Rac1 Qd7
15. b3 Rfc8 16. h3 b5 17. cxb5 axb5 18. Nd5 Bxd5 19. exd5 h6 20. Be3 Qb7 21.
Rc6 Nd7 22. Rdc1 b4 23. Qc4 Rd8 24. Rc7 Qb5 25. Qe4 Bf6 26. Bf1 1-0